• 首页
  • 本馆介绍
  • 公告通知
  • 最新文献
  • 馆藏检索
  • 电子资源
  • 读者导购
  • 参考咨询
  • 我的图书馆
  • 登录
  • 详细信息显示
  • 放入我的书架
  • 预约/预借图书
  • 作者相关作品
  • 分类相关作品
  • 丛书相关作品
  • 出版社相关作品

书目信息

  • 表格格式
  • 工作单格式
  • 卡片格式
题名:
心智与阅读
    
 
作者: 威林厄姆 著 ;梁海燕 译
分册:  
出版信息: 杭州   浙江教育出版社  2020.04
页数: 220页
开本: 23cm
丛书名:
单 册:
中图分类: G252.0
科图分类:
主题词: 阅读心理--研究
电子资源:
ISBN: 978-7-5536-6891-8
000 01348nam0 2200301 450
001 0108153857
005 20210308154400.0
010    @a978-7-5536-6891-8@dCNY69.90
100    @a20200612d2020 em y0chiy50 ea
101 1  @achi@ceng
102    @aCN@b330000
105    @aa z 000yy
106    @ar
200 1  @a心智与阅读@Axin zhi yu yue du@dThe reading mind@f(美)丹尼尔·T.威林厄姆(Daniel T. Willingham)著@g梁海燕译@zeng
210    @a杭州@c浙江教育出版社@d2020.04
215    @a220页@c图, 照片@d23cm
305    @a本书中文简体字版由John Wiley & Sons International Rights, Inc.授权出版
312    @a封面副题名:著名心理学家教你如何提升阅读能力
312    @a封面英文其他题名:A cognitive approach to understanding how the mind reads
330    @a本书揭示了阅读这门尚未被充分探索的阅读心理学,它涵盖了认知科学、神经生物学和语言学等学科。作者提出了应该如何阅读的新思路,以及提高阅读速度等的新方法。
510 1  @aReading mind@ea cognitive approach to understanding how the mind reads@zeng
517 1  @a著名心理学家教你如何提升阅读能力@Azhu ming xin li xue jia jiao ni ru he ti sheng yue du neng li
606 0  @a阅读心理@x研究
690    @aG252.0@v5
701  0 @a威林厄姆@Awei lin e mu@4著@c(美)@c(Willingham, Daniel T.)
702  0 @a梁海燕@Aliang hai yan@4译
801  0 @aCN@bBJSZM@c20210308
905    @b1270527-31@dG252.0@e133@f5
    
    心智与阅读=The reading mind/(美)丹尼尔·T.威林厄姆(Daniel T. Willingham)著/梁海燕译.-杭州:浙江教育出版社,2020.04
    220页:图, 照片;23cm
    
    
    ISBN 978-7-5536-6891-8:CNY69.90
    本书揭示了阅读这门尚未被充分探索的阅读心理学,它涵盖了认知科学、神经生物学和语言学等学科。作者提出了应该如何阅读的新思路,以及提高阅读速度等的新方法。
●
相关链接 在E读中查询图书 在五车中查询图书 在当当中查询图书 在豆瓣中查询图书


正题名:心智与阅读     索取号:G252.0/133         预约/预借

序号 登录号 条形码 馆藏地/架位号 状态 备注
1 1270527   212705278   第一样本阅览室/ [索取号:G252.0/133] 在馆    
2 1270528   212705287   教育系资料室/ [索取号:G252.0/133] 在馆    
3 1270529   212705296   教育系资料室/ [索取号:G252.0/133] 在馆    
4 1270530   212705303   第四借阅区/ [索取号:G252.0/133] 在馆    
5 1270531   212705312   第四借阅区/ [索取号:G252.0/133] 在馆    
唐山师范学院图书馆 欢迎您!
大连网信软件有限公司© 版权所有